000 00221 a2200097 4500
001 40907
100 _aShaw, Isobel
245 _aIllus, Guide to Pakistan
260 _aHong Kong
_bLiberty Books
_c
090 _c25160
_d25160
942 _aNUST-CAE
_cM
_c16848
999 _c275980
_d275980